000 00578cab a2200241 4500
001 WB3534-14
008 090401t1999 xxu||||| |||| 00| 0 eng d
035 _a(Sirsi) u110
041 _aeng
245 _aClean-up rules delayed again
260 _c1999
350 _a0
490 _aEstates Gazette
_v(9934) 28 August 1999, 13(1)
650 _aBROWNFIELD SITES
650 _aCONTAMINATED LAND
650 _aDECONTAMINATION
650 _aDELAYS
650 _aDETR
650 _aGUIDANCE
690 _aPROPERTY-PROPERTY DEVELOPMENT
942 _n0
948 _c01/09/1999
999 _c40
_d40